000 00345 a2200121 4500
000 nam a22 7a 4500
005 20260512144503.0
020 _a9789382699217
100 _aविनायक त्रिपाठी
_91239138
245 _aपर्यावरण शिक्षा
260 _bVikalp prakashan
_c2024
942 _cTEXL
999 _c1851253
_d1851253